书目信息 |
| 题名: |
射频识别(RFID)与单片机接口应用实例
|
|
| 作者: | 来清民 编著 | |
| 分册: | ||
| 出版信息: | 北京 中国电力出版社 2016.8 |
|
| 页数: | 332页 | |
| 开本: | 26cm | |
| 丛书名: | ||
| 单 册: | ||
| 中图分类: | TN911.23 , TP368.1 | |
| 科图分类: | ||
| 主题词: | 无线电信号--射频--信号识别 , 单片微型计算机--接口 | |
| 电子资源: | ||
| ISBN: | 978-7-5123-9251-9 | |
| 000 | 01019nam0 2200253 450 | |
| 001 | 0400003251 | |
| 005 | 20171021213421.0 | |
| 010 | @a978-7-5123-9251-9@dCNY49.00 | |
| 100 | @a20161213e2016 em y0chiy50 ea | |
| 101 | 0 | @achi |
| 102 | @aCN@b110000 | |
| 105 | @ay z 000yy | |
| 106 | @ar | |
| 200 | 1 | @a射频识别(RFID)与单片机接口应用实例@9she pin shi bie(RFID)yu dan pian ji jie kou ying yong shi li@f来清民编著 |
| 210 | @a北京@c中国电力出版社@d2016.8 | |
| 215 | @a332页@d26cm | |
| 330 | @a本书阐述了RFID的概念、原理、分类和特性,讨论了RFID设备构件、中间件和防碰撞技术,介绍了RFID的国际标准和相关协议,给出了RFID系统的一般设计流程,然后结合最近几年国内的RFID技术的发展和研究成果,系统地介绍了RFID技术与MCS-51、PIC、AVR、MSP430系列单片机的接口设计实例。 | |
| 606 | 0 | @a无线电信号@x射频@x信号识别 |
| 606 | 0 | @a单片微型计算机@x接口 |
| 690 | @aTN911.23@v5 | |
| 690 | @aTP368.1@v5 | |
| 701 | 0 | @a来清民@9lai qing min@f(1960-)@4编著 |
| 801 | 0 | @aCN@b91MARC@c20171021 |
| 905 | @b1022520-4@dTN911.23@f5@e197 | |
| 射频识别(RFID)与单片机接口应用实例/来清民编著.-北京:中国电力出版社,2016.8 |
| 332页;26cm |
| ISBN 978-7-5123-9251-9:CNY49.00 |
| 本书阐述了RFID的概念、原理、分类和特性,讨论了RFID设备构件、中间件和防碰撞技术,介绍了RFID的国际标准和相关协议,给出了RFID系统的一般设计流程,然后结合最近几年国内的RFID技术的发展和研究成果,系统地介绍了RFID技术与MCS-51、PIC、AVR、MSP430系列单片机的接口设计实例。 |
| ● |
| 相关链接 |
|
|
|
|
正题名:射频识别(RFID)与单片机接口应用实例
索取号:TN911.23/197
 
预约/预借
| 序号 | 登录号 | 条形码 | 馆藏地/架位号 | 状态 | 备注 |
| 1 | 1022520 | 210225200 | 第二样本阅览室/ [索取号:TN911.23/197] | 在馆 | |
| 2 | 1022521 | 210225219 | 密集书库-物理学院/ [索取号:TN911.23/197] | 在馆 | |
| 3 | 1022522 | 210225228 | 第三借阅区/ [索取号:TN911.23/197] | 在馆 | |
| 4 | 1022523 | 210225237 | 第三借阅区/ [索取号:TN911.23/197] | 在馆 | |
| 5 | 1022524 | 210225246 | 第三借阅区/ [索取号:TN911.23/197] | 在馆 |